| 000 | 00420nam a2200169Ia 4500 | ||
|---|---|---|---|
| 003 | GCL | ||
| 008 | 140319s9999 xx 000 0 eng d | ||
| 040 |
_aGCL / _cGCL |
||
| 082 | 0 | 4 |
_a823.7 _bA C |
| 100 | 1 | _aAUSTEN, JANE | |
| 245 | 1 | 0 |
_aTHE COMPUTER NOVELS / _cAUSTEN, JANE |
| 260 |
_a[S.N] : _bOXFORD UNIVERSITY PRESS ، _c1994 |
||
| 300 | _a1528 P | ||
| 650 | 0 | 4 | _aNOVELS |
| 650 | 0 | 4 | _aAUSTEN, JANE |
| 942 |
_2ddc _cBK |
||
| 999 |
_c24423 _d24423 |
||